| 000 | 02032cam a2200133 4500500 | ||
|---|---|---|---|
| 005 | 20251214001511.0 | ||
| 041 | _afre | ||
| 042 | _adc | ||
| 100 | 1 | 0 |
_aAïm, Olivier _eauthor |
| 245 | 0 | 0 | _aLes théories de la surveillance : Du panoptique aux Surveillance Studies |
| 260 |
_bArmand Colin,
_c2020. |
||
| 520 | _aVidéosurveillance de rue, compteurs connectés, fichiers numériques, puces RFID, lois sur le renseignement, géolocalisation, programme « Prism » de la NSA, reconnaissance faciale, traçage, recommandations et offres prédictives de la grande distribution… la surveillance est omniprésente dans les débats publics et semble avoir investi l’ensemble des territoires de la vie quotidienne, accréditant la thèse de l’avènement d’une véritable société de la surveillance généralisée. Fantasme sécuritaire ou panique liberticide, la surveillance est également devenue un objet de réflexion scientifique, ouvrant un champ de recherche et d’analyse en plein développement : les Surveillance Studies. En privilégiant une démarche pluridisciplinaire (littérature, philosophie, science politique, sociologie, sciences de la communication) et en prenant en compte les évolutions médiatiques de la société ( écrans, réseaux, plateformes), cet ouvrage propose un panorama complet des théories de la surveillance, des textes fondateurs (Bentham, Taylor, Weber, Foucault, Deleuze…) aux notions les plus récentes (« vigilance », « sousveillance », « capitalisme de surveillance », « shareveillance », « exposition »). Depuis ces premières approches essentiellement organisationnelles, le champ s’est ouvert à la complexité des enjeux sociaux, politiques et personnels de la nouvelle « économie de la visibilité » numérique, laissant entrevoir l’émergence contemporaine d’une véritable « culture » de la surveillance. | ||
| 856 | 4 | 1 | _uhttps://shs.cairn.info/les-theories-de-la-surveillance--9782200623494?lang=fr&redirect-ssocas=7080 |
| 999 |
_c1566218 _d1566218 |
||